AU LIBRARIES
Centralized Library System Across Seven Campuses

SAVING AND CAPITAL MARKETS (Record no. 47297)

MARC details
000 -LEADER
fixed length control field 00288nam a22001217a 4500
005 - DATE AND TIME OF LATEST TRANSACTION
control field 20260413123505.0
008 - FIXED-LENGTH DATA ELEMENTS--GENERAL INFORMATION
fixed length control field 260413b |||||||| |||| 00| 0 eng d
082 ## - DEWEY DECIMAL CLASSIFICATION NUMBER
Classification number 332.041
Author Mark JAP
100 ## - MAIN ENTRY--AUTHOR
Author Name Jama, Punji
245 ## - TITLE STATEMENT
Title SAVING AND CAPITAL MARKETS
650 ## - SUBJECT ADDED ENTRY--TOPICAL TERM
Subject / Department Account Finance
942 ## - ADDED ENTRY ELEMENTS (KOHA)
Koha item type Book
Holdings
Withdrawn status Lost status Damaged status Not for loan Collection code Permanent Location Current Location Shelving Location Date acquired Source of acquisition Total Checkouts Full Call Number Accession No./Barcode Date last seen Koha item type
        Accounting Air University Kharian Campus Library Air University Kharian Campus Library Accounting 04/13/2026 Gift From Central Library   332.041 JAP AUKHG0525 04/13/2026 Book
Air University Sector E-9, Islamabad Pakistan
Email: librarian@au.edu.pk  Tel : +0092 51 9262612 Ext: 631